000 01127nam a2200265Ia 4500
003 OSt
005 20220923211132.0
006 a|||||r|||| 00| 0
007 ta
008 220922b |||||||| |||| 00| 0 hin d
020 _a8185359415 (hbk)
_c880
024 _a240,633
037 _b424, 16/01/2010, Eastern Book Linkers
_cTextual
040 _aARTS
_cARTS
_bhin
041 _2hin
_ahin
082 _aO15v243, 152P9
100 _aशर्मा, लेखराम; चाहल, दलबीर सिंह
_9158607
245 0 _aपंजाब का संस्कृत साहित्य को योगदान
246 _aPanjāb kā sanskṛut sāhitya ko yogadāna
260 _aदिल्ली
_b इन्डिपैंडेंट पब्लिसिंग कम्पनी
_c2009
300 _a284पृ.
_ccm.
650 _aसंस्कृत साहित्य
_9158608
942 _hO15v243, 152P9
_cTEXL
_2CC
999 _c295775
_d295775